000 00701nam a2200253 a 4500
001 58124
003 BD-RjUL
005 20211209080605.0
008 161217s1976 caua b 001 0 eng
020 _a0471535729
035 _a(BD-RjUL) 58248
040 _aDLC
_cDLC
_dDLC
_dBD-RjUL
_beng
041 _aeng
082 0 0 _a339
_223
_bLIM 1976
100 1 _aLindauer, John.
_9172660
245 1 0 _aMacroeconomics /
_cJohn Lindauer.
250 _a3d ed.
260 _aSanta Barbara :
_bWiley,
_cc1976.
300 _axiv, 425 p. :
_bill. ;
_c24 cm.
500 _a"A Wiley/Hamilton publication."
504 _aIncludes bibliographies and index.
650 0 _aMacroeconomics.
_9172661
942 _2ddc
_cBK
999 _c58124
_d58124